Celebrity Sorting II Quiz Stats

 Plays Quiz Updated Oct 8, 2018

Score 0/10 Timer 02:00
13 Plays Today
% Correct
Politician
97.3%
Author
97.1%
Actor
97.1%
Athlete
96.5%
Musician
93.5%
Entrepreneur|Businessperson
91.7%
Artist
90.9%
Director
88.5%
Reporter|Journalist
87.9%
Religious Leader
82.5%

You're not logged in!

Compare scores with friends on all Sporcle quizzes.
OR
Log In

Sporcle TV

Today on Sporcle TV


Watch our educational content, quiz creation guides, and fun videos on Sporcle TV.

Show Comments

Extras

Top Quizzes Today


Score Distribution

Your Account Isn't Verified!

In order to create a playlist on Sporcle, you need to verify the email address you used during registration. Go to your Sporcle Settings to finish the process.

Report this User

Report this user for behavior that violates our Community Guidelines.

Details: